000 01214nam a22002777a 4500
999 _c63356
_d63356
005 20240530110636.0
008 170925s2014 ts ak f b 000 0 ara d
020 _a9789948230069
040 _aEG-CaGPL
_cEG-CaGPL
082 0 4 _221
_a304.6 /
_bج د
245 0 2 _aالديمغرافيا السياسية :
_bكيف تعيد التغيرات السكانية تشكيل الامن الدولى و السياسة الوطنية ؟ /
_cتحرير جاك جولدستون ، اريك كوفمان ، مونيكا دافى
250 _aط. 1
260 _bمركز الامارات للدراسات و البحوث الاستراتيجية ،
_c2014.
_aابوظبى :
300 _a458 ص. ؛
_c24 سم.
490 0 _aدراسات مترجمة ؛
_v74
504 _aيشتمل على ارجاعات ببليوجرافية
650 0 7 _2qrmak
_aالجغرافيا السياسية
650 0 7 _2qrmak
_aجغرافيا السكان
650 0 7 _2qrmak
_aالاحوال السياسية
651 _2qrmak
700 1 _aجولدستون، جاك
_eمحرر
700 1 _aكوفمان، اريك
_eمحرر
700 1 _aدافى، مونيكا
_eمحرر
942 _2ddc
_cBK